A szokásos piaci ár és a transzferár dokumentáció kapcsolt vállalkozások körében

Bibliographic Details
Main Author: Erős Ádám
Other Authors: Siklósi Dr. Ágnes
Format: Thesis
Kulcsszavak:Transzferár
MVM Kontó Zrt.
Kapcsolt vállalkozás
Online Access:http://dolgozattar.uni-bge.hu/14453

MARC

LEADER 00000nta a2200000 i 4500
001 dolg14453
005 20171220091204.0
008 171220suuuu hu om 000 hun d
040 |a BGE Dolgozattár Repozitórium  |b hun 
041 |a hu 
100 1 |a Erős Ádám 
245 1 2 |a A szokásos piaci ár és a transzferár dokumentáció kapcsolt vállalkozások körében   |c Erős Ádám  |h [elektronikus dokumentum] 
695 |a Transzferár 
695 |a MVM Kontó Zrt. 
695 |a Kapcsolt vállalkozás 
700 1 |a Siklósi Dr. Ágnes  |e ths 
856 4 0 |u http://dolgozattar.uni-bge.hu/14453/3/TITKOS%C3%8DT%C3%81SI%20K%C3%89RELEM%20ER%C5%90S.pdf  |z Dokumentum-elérés 
856 4 0 |u http://dolgozattar.uni-bge.hu/14453/4/A%20szok%C3%A1sos%20piaci%20%C3%A1r%20%C3%A9s%20a%20transzfer%C3%A1r%20dokument%C3%A1ci%C3%B3%20kapcsolt%20v%C3%A1llalkoz%C3%A1sok%20k%C3%B6r%C3%A9ben%20%281%29.pdf  |z Dokumentum-elérés 
856 4 0 |u http://dolgozattar.uni-bge.hu/14453/5/KONZULT%C3%81CI%C3%93S%20LAP%20ER%C5%90S.pdf  |z Dokumentum-elérés